Sports Quiz

Random Sports or Football Quiz

NFL Passing Leaders Bonanza Quiz Stats

 Plays Quiz Updated Feb 6, 2018

Challenge
Share
Tweet
Embed
Score 0/87 Timer 06:00
10 Plays Today
Category Quarterbacks % Correct
450+ SacksTom Brady
99.2%
300+ TD PassesPeyton Manning
98.9%
40,000+ Passing YardsPeyton Manning
98.9%
30+ Game Winning DrivesPeyton Manning
98.9%
6+ 4,000 Yard SeasonsPeyton Manning
98.9%
30+ Playoff TD PassesPeyton Manning
98.9%
250+ InterceptionsPeyton Manning
98.8%
300+ TD PassesTom Brady
98.8%
30+ Game Winning DrivesTom Brady
98.8%
6+ 4,000 Yard SeasonsTom Brady
98.8%
30+ Playoff TD PassesTom Brady
98.8%
40,000+ Passing YardsTom Brady
98.8%
30+ Game Winning DrivesEli Manning
98.2%
40,000+ Passing YardsEli Manning
98.2%
300+ TD PassesEli Manning
97.8%
6+ 4,000 Yard SeasonsEli Manning
97.8%
300+ TD PassesBrett Favre
94.6%
40,000+ Passing YardsBrett Favre
94.6%
30+ Game Winning DrivesBrett Favre
94.6%
250+ InterceptionsBrett Favre
94.6%
450+ SacksBrett Favre
94.6%
6+ 4,000 Yard SeasonsBrett Favre
94.6%
30+ Playoff TD PassesBrett Favre
94.6%
300+ TD PassesDrew Brees
93.2%
40,000+ Passing YardsDrew Brees
93.2%
30+ Game Winning DrivesDrew Brees
93.2%
6+ 4,000 Yard SeasonsDrew Brees
93.2%
300+ TD PassesDan Marino
90.5%
40,000+ Passing YardsDan Marino
90.5%
Category Quarterbacks % Correct
30+ Game Winning DrivesDan Marino
90.5%
250+ InterceptionsDan Marino
90.5%
6+ 4,000 Yard SeasonsDan Marino
90.5%
30+ Playoff TD PassesDan Marino
90.5%
40,000+ Passing YardsJoe Montana
88.5%
30+ Game Winning DrivesJoe Montana
88.5%
30+ Playoff TD PassesJoe Montana
88.5%
30+ Playoff TD PassesBen Roethlisberger
83.9%
300+ TD PassesAaron Rodgers
83.1%
30+ Playoff TD PassesAaron Rodgers
81.3%
300+ TD PassesPhilip Rivers
81.2%
40,000+ Passing YardsJohn Elway
80.9%
300+ TD PassesJohn Elway
80.8%
30+ Game Winning DrivesJohn Elway
80.8%
300+ TD PassesBen Roethlisberger
80.8%
450+ SacksBen Roethlisberger
80.8%
450+ SacksJohn Elway
80.7%
40,000+ Passing YardsPhilip Rivers
77.6%
6+ 4,000 Yard SeasonsPhilip Rivers
77.1%
40,000+ Passing YardsBen Roethlisberger
75.9%
30+ Game Winning DrivesBen Roethlisberger
75.1%
6+ 4,000 Yard SeasonsAaron Rodgers
75%
40,000+ Passing YardsMatt Ryan
71.7%
6+ 4,000 Yard SeasonsMatt Ryan
68.1%
40,000+ Passing YardsWarren Moon
67.4%
30+ Game Winning DrivesWarren Moon
67.4%
450+ SacksWarren Moon
67.4%
30+ Game Winning DrivesMatthew Stafford
66%
6+ 4,000 Yard SeasonsMatthew Stafford
64.1%
Category Quarterbacks % Correct
30+ Playoff TD PassesTerry Bradshaw
63.4%
30+ Game Winning DrivesTony Romo
58.8%
6+ 4,000 Yard SeasonsCarson Palmer
57%
40,000+ Passing YardsJohnny Unitas
56%
250+ InterceptionsJohnny Unitas
56%
300+ TD PassesFran Tarkenton
55.4%
40,000+ Passing YardsFran Tarkenton
55.4%
30+ Game Winning DrivesFran Tarkenton
55.4%
250+ InterceptionsFran Tarkenton
55.4%
30+ Playoff TD PassesKurt Warner
54.4%
30+ Game Winning DrivesMatt Ryan
54.1%
40,000+ Passing YardsDan Fouts
52.7%
40,000+ Passing YardsVinny Testaverde
52.1%
30+ Game Winning DrivesVinny Testaverde
52.1%
250+ InterceptionsVinny Testaverde
52.1%
40,000+ Passing YardsCarson Palmer
51.4%
30+ Game Winning DrivesCarson Palmer
50.8%
40,000+ Passing YardsDrew Bledsoe
47.7%
30+ Game Winning DrivesDrew Bledsoe
47.7%
450+ SacksDrew Bledsoe
47.7%
450+ SacksPhil Simms
41.3%
450+ SacksRandall Cunningham
40.1%
40,000+ Passing YardsKerry Collins
29%
30+ Game Winning DrivesKerry Collins
28.2%
450+ SacksDave Krieg
23.1%
250+ InterceptionsGeorge Blanda
18.1%
30+ Game Winning DrivesJake Plummer
15.5%
250+ InterceptionsJohn Hadl
10.8%
250+ InterceptionsNorm Snead
4%

You're not logged in!

Compare scores with friends on all Sporcle quizzes.
OR
Log In

You Might Also Like...

Show Comments

Extras

Top Quizzes Today


Score Distribution

Your Account Isn't Verified!

In order to create a playlist on Sporcle, you need to verify the email address you used during registration. Go to your Sporcle Settings to finish the process.

Report this User

Report this user for behavior that violates our Community Guidelines.

Details: